000 00642nam a2200253Ia 4500
003 OSt
005 20220912144844.0
006 a|||||r|||| 00| 0
007 ta
008 220909b |||||||| |||| 00| 0 eng d
024 _a70108
037 _cTextual
040 _aCSL
_beng
_cCSL
041 _aeng
082 _aB394M, L2
100 _aFuglede B
245 0 _aFinely harmonic functions
260 _aBerlin
_bSpringer-Verlag
_c1972
300 _a188p.
_ccm.
490 _aLecture notes in mathematics; 289
650 _aMathematics
942 _hB394M, L2
_cTEXL
_2CC
999 _c17378
_d17378